000 00955nam a2200217 i 4500
001 163099
003 ES-MaACL
005 20251002204600.0
008 050707s1892 sp | |||||||| ||spa d
100 1 _aRecio de Tirteafuera, Pedro.
_9131648
245 1 0 _aComentario a la Nueva estafeta de los muertos del doctor D. Emilio Pi y Molist /
_cpor el doctor Pedro Recio de Tirteafuera.
250 _a2ª ed., hecha en obsequio al autor.
260 _aMadrid :
_b[s.n.],
_c1892 (
_fEstab. Tip. de Fortanet)
300 _a44, [3] p., [1] h. de lám. :
_bil. ;
_c24 cm.
600 1 7 _aPí y Molist, Emilio,
_d1824-1892
_2
_9131117
650 4 _aMedicina-
_zEspaña-
_yS.XVI.
_9148884
740 0 2 _aNueva estafeta de los muertos.
852 _aES-MaACL
_jT-1111-F-8
_z- Enc. hol. conservando la original
_z- Enc. en un vol. facticio
856 _uhttp://bdh-rd.bne.es/viewer.vm?id=0000075922&page=1
_zBiblioteca Digital Hispánica
999 _c163099
_d163099